[Event "Groningen op-A 51st"]
[Site "Groningen"]
[Date "2013.12.29"]
[Round "8"]
[White "Henseler, Jorgen"]
[Black "Zojer, Thomas"]
[Result "1-0"]
[WhiteElo "2073"]
[BlackElo "2117"]
[PlyCount "85"]
[EventDate "2013.12.21"]
[EventType "swiss"]
[EventRounds "9"]
[EventCountry "NED"]
[SourceTitle "CBM 158 Extra"]
[Source "ChessBase"]
[SourceDate "2014.02.28"]
[SourceVersion "1"]
[SourceVersionDate "2014.02.28"]
[SourceQuality "1"]

1. e4 c5 2. Nf3 Nc6 3. d4 cxd4 4. Nxd4 Nf6 5. Nc3 e5 6. Ndb5 d6 7. Bg5 a6 8. Na3 b5 9. Bxf6 gxf6 10. Nd5 f5 11. Bxb5 axb5 12. Nxb5 Ra4 13. Nbc7+ Kd7 14. 0-0 Rxe4 15. Qh5 Nd4 16. c3 Ne2+ 17. Kh1 Kc6 18. g3 Be6 19. Nxe6 fxe6 20. Nb4+ Kd7 21. Rae1 Qa8 22. f3 Re3 23. Nc2 Nxg3+ 24. hxg3 Rxe1 25. Rxe1 Qxa2 26. Ra1 Qxa1+ 27. Nxa1 Be7 28. Qh2 h5 29. Qe2 Rb8 30. b4 h4 31. Qa6 Rc8 32. Qa4+ Kd8 33. b5 d5 34. gxh4 Rxc3 35. Qa5+ Rc7 36. b6 Rc1+ 37. Kg2 Bd6 38. b7+ Kd7 39. Nb3 Rc2+ 40. Kf1 Bb8 41. Nc5+ Ke7 42. Qb6 Bd6 43. Qxd6+ 1-0

[Event "Groningen op-A 51st"]
[Site "Groningen"]
[Date "2013.12.27"]
[Round "6"]
[White "Den Hartog, Marijn"]
[Black "Zojer, Thomas"]
[Result "1-0"]
[WhiteElo "2025"]
[BlackElo "2117"]
[PlyCount "77"]
[EventDate "2013.12.21"]
[EventType "swiss"]
[EventRounds "9"]
[EventCountry "NED"]
[SourceTitle "CBM 158 Extra"]
[Source "ChessBase"]
[SourceDate "2014.02.28"]
[SourceVersion "1"]
[SourceVersionDate "2014.02.28"]
[SourceQuality "1"]

1. e4 c5 2. Nc3 d6 3. f4 g6 4. Nf3 Bg7 5. Bb5+ Bd7 6. Bc4 e6 7. d4 cxd4 8. Nxd4 a6 9. Be3 Nc6 10. 0-0 Na5 11. Be2 Ne7 12. Qd2 Qc7 13. Rad1 Rc8 14. Nf3 d5 15. Ne5 0-0 16. exd5 exd5 17. Nxd7 Qxd7 18. Nxd5 Qxd5 19. Qxd5 Nxd5 20. Rxd5 Rfe8 21. Rf3 Nc6 22. c3 Re6 23. Kf2 b5 24. Bd2 Ne7 25. Rd7 Nf5 26. Rfd3 Bf6 27. Bf3 Ne7 28. Bb7 Rb8 29. Be3 Nf5 30. Bc5 Rbe8 31. Bd5 Re2+ 32. Kf3 Nh4+ 33. Kg4 Nxg2 34. Bxf7+ Kh8 35. Bxe8 Rxe8 36. Rf7 h5+ 37. Kg3 Ne1 38. Rdd7 h4+ 39. Kg4 1-0

[Event "Groningen op-A 51st"]
[Site "Groningen"]
[Date "2013.12.24"]
[Round "4"]
[White "Gerlagh, Joris"]
[Black "Zojer, Thomas"]
[Result "1/2-1/2"]
[WhiteElo "2032"]
[BlackElo "2117"]
[PlyCount "112"]
[EventDate "2013.12.21"]
[EventType "swiss"]
[EventRounds "9"]
[EventCountry "NED"]
[SourceTitle "CBM 158 Extra"]
[Source "ChessBase"]
[SourceDate "2014.02.28"]
[SourceVersion "1"]
[SourceVersionDate "2014.02.28"]
[SourceQuality "1"]

1. d4 f5 2. Nf3 Nf6 3. g3 g6 4. Bg2 Bg7 5. 0-0 0-0 6. c4 d6 7. Nc3 Qe8 8. d5 h6 9. Nd4 Na6 10. Rb1 Nc5 11. b4 e5 12. bxc5 exd4 13. Nb5 Qe7 14. cxd6 cxd6 15. Ba3 Rd8 16. Nxd4 Ne4 17. Qd3 h5 18. Ne6 Bxe6 19. dxe6 Qxe6 20. Rxb7 Rac8 21. Rxa7 Rxc4 22. e3 Rc3 23. Qb5 Rdc8 24. Bxe4 fxe4 25. Bb2 R3c7 26. Rxc7 Rxc7 27. Bxg7 Kxg7 28. a4 h4 29. h3 Qxh3 30. Qg5 hxg3 31. fxg3 Rc5 32. Qf6+ Kh7 33. Qxd6 Rf5 34. Rxf5 Qxf5 35. Qc7+ Kg8 36. a5 Qf3 37. Qf4 Qd1+ 38. Qf1 Qd2 39. Qc4+ Kh7 40. Qf7+ Kh6 41. Qf8+ Kh7 42. Qe7+ Kh6 43. Qxe4 Qxa5 44. Qf4+ g5 45. Qf6+ Kh5 46. Qf3+ Kh6 47. g4 Qa1+ 48. Kg2 Qb2+ 49. Kh3 Qe5 50. Qc6+ Kg7 51. Qd7+ Kg6 52. Qd3+ Kf6 53. Kg2 Ke6 54. Qg6+ Ke7 55. Kf3 Qb5 56. Qf5 Qf1+ 1/2-1/2

[Event "Niederoesterreich Landesliga 1112"]
[Site "Austria"]
[Date "2011.11.13"]
[Round "4"]
[White "Zojer, Thomas"]
[Black "Amberger, Dieter"]
[Result "1-0"]
[WhiteElo "2115"]
[BlackElo "2102"]
[PlyCount "115"]
[EventDate "2011.09.18"]
[EventType "team-tourn"]
[EventRounds "11"]
[EventCountry "AUT"]
[SourceTitle "EXT 2022"]
[Source "ChessBase"]
[SourceDate "2021.10.06"]
[SourceVersion "1"]
[SourceVersionDate "2021.10.06"]
[SourceQuality "1"]

1. d4 d5 2. c4 c6 3. Nf3 Nf6 4. Nc3 e6 5. Bg5 h6 6. Bh4 dxc4 7. e4 g5 8. Bg3 b5 9. Be2 Bb7 10. h4 g4 11. Ne5 h5 12. 0-0 Nbd7 13. Qc2 Qb6 14. Rad1 Bh6 15. Nxd7 Nxd7 16. d5 cxd5 17. exd5 e5 18. Qf5 Bg7 19. Kh1 a6 20. f3 gxf3 21. Rxf3 Qg6 22. Ne4 0-0 23. a4 Nb6 24. Bxe5 Qxf5 25. Rxf5 Bxe5 26. Rxe5 f6 27. Rxh5 Rae8 28. Bf3 Nxa4 29. Nd6 Re7 30. Nxb7 Rxb7 31. d6 Nxb2 32. Rb1 Rd7 33. Rxb2 Rxd6 34. Rc5 Kf7 35. Re2 Rh8 36. g3 Rd3 37. Rc7+ Kf8 38. Rc8+ Kg7 39. Re7+ Kg6 40. Be4+ f5 41. Rxh8 fxe4 42. Rxe4 c3 43. Rc8 a5 44. g4 b4 45. Re6+ Kf7 46. Rb6 Ke7 47. h5 Kd7 48. Rc4 Rd1+ 49. Kg2 Rd2+ 50. Kf3 c2 51. Ke3 Rg2 52. Kd3 Rxg4 53. Rxc2 a4 54. Rc4 Rg3+ 55. Ke2 a3 56. Rcxb4 a2 57. Ra4 Rg1 58. Rba6 1-0

[Event "Niederoesterreich Landesliga 1011"]
[Site "Austria"]
[Date "2011.04.03"]
[Round "13"]
[White "Zojer, Thomas"]
[Black "Reinwald, Patrick"]
[Result "1/2-1/2"]
[WhiteElo "2062"]
[BlackElo "2102"]
[PlyCount "20"]
[EventDate "2010.09.12"]
[EventType "team-tourn"]
[EventRounds "13"]
[EventCountry "AUT"]
[SourceTitle "EXT 2022"]
[Source "ChessBase"]
[SourceDate "2021.10.06"]
[SourceVersion "1"]
[SourceVersionDate "2021.10.06"]
[SourceQuality "1"]

1. d4 Nf6 2. c4 g6 3. Nc3 Bg7 4. e4 d6 5. Nf3 0-0 6. Be2 e5 7. 0-0 Nc6 8. d5 Ne7 9. Ne1 Nd7 10. Nd3 f5 1/2-1/2

[Event "Niederoesterreich Landesliga 1011"]
[Site "Austria"]
[Date "2011.03.06"]
[Round "11"]
[White "Heimberger, Reinhard"]
[Black "Zojer, Thomas"]
[Result "1/2-1/2"]
[WhiteElo "2275"]
[BlackElo "2062"]
[PlyCount "121"]
[EventDate "2010.09.12"]
[EventType "team-tourn"]
[EventRounds "13"]
[EventCountry "AUT"]
[SourceTitle "EXT 2022"]
[Source "ChessBase"]
[SourceDate "2021.10.06"]
[SourceVersion "1"]
[SourceVersionDate "2021.10.06"]
[SourceQuality "1"]

1. c4 f5 2. Nc3 Nf6 3. g3 g6 4. Bg2 Bg7 5. Nf3 0-0 6. 0-0 d6 7. d4 Qe8 8. b3 a5 9. Bb2 Na6 10. Qc2 c6 11. Rfe1 Nb4 12. Qb1 f4 13. gxf4 d5 14. e4 Nh5 15. a3 Nxf4 16. axb4 Nxg2 17. Kxg2 Rxf3 18. Kxf3 Qf7+ 19. Ke2 Bg4+ 20. Kd3 dxc4+ 21. bxc4 Qxf2 22. Rf1 Qxd4+ 23. Kc2 Rd8 24. Rxa5 Be2 25. Rd1 Bxd1+ 26. Qxd1 Qf2+ 27. Qe2 Qxe2+ 28. Nxe2 Bxb2 29. Ra7 Be5 30. Rxb7 Bxh2 31. Rxe7 Bd6 32. Rb7 h5 33. Nd4 Rc8 34. Kd3 Bxb4 35. Rxb4 c5 36. Rb6 Rd8 37. Rxg6+ Kh7 38. Rg5 Rxd4+ 39. Ke3 Rxc4 40. Rxh5+ Kg6 41. Rf5 Rc1 42. Kd3 Rd1+ 43. Ke2 Rc1 44. Kd2 Rc4 45. Ke3 Rc1 46. Kd2 Rc4 47. Kd3 Rc1 48. Rf8 Kg7 49. Rf4 Kg6 50. e5 Re1 51. Re4 Rxe4 52. Kxe4 Kf7 53. Kd5 c4 54. Kxc4 Ke6 55. Kd4 Ke7 56. Kd5 Kd7 57. e6+ Ke7 58. Ke5 Ke8 59. Kf6 Kf8 60. e7+ Ke8 61. Ke6 1/2-1/2

[Event "Niederoesterreich Landesliga 1011"]
[Site "Austria"]
[Date "2010.12.12"]
[Round "7"]
[White "Zojer, Thomas"]
[Black "Mlynek, Petr"]
[Result "1/2-1/2"]
[WhiteElo "2062"]
[BlackElo "2165"]
[PlyCount "132"]
[EventDate "2010.09.12"]
[EventType "team-tourn"]
[EventRounds "13"]
[EventCountry "AUT"]
[SourceTitle "EXT 2022"]
[Source "ChessBase"]
[SourceDate "2021.10.06"]
[SourceVersion "1"]
[SourceVersionDate "2021.10.06"]
[SourceQuality "1"]

1. d4 d5 2. c4 c6 3. Nc3 Nf6 4. e3 a6 5. Qb3 e6 6. Nf3 Nbd7 7. cxd5 exd5 8. Bd3 Bd6 9. 0-0 0-0 10. Re1 h6 11. Bd2 Re8 12. Na4 Ne4 13. Bb4 Bc7 14. Rac1 Ng5 15. Be2 Nxf3+ 16. Bxf3 Nf6 17. Nc5 Ng4 18. h3 Nf6 19. a4 Ne4 20. Qc2 Ng5 21. Bg4 Bxg4 22. hxg4 Rb8 23. Qf5 Ne6 24. g3 g6 25. Qd3 Ng5 26. Kg2 Qc8 27. Qd1 Kg7 28. Rh1 Nh7 29. Bd2 g5 30. b4 Nf6 31. f3 Rh8 32. Qc2 h5 33. Qf5 Qxf5 34. gxf5 h4 35. Be1 hxg3 36. Rxh8 Kxh8 37. Bxg3 Bxg3 38. Kxg3 Kg7 39. b5 axb5 40. axb5 cxb5 41. Rb1 Re8 42. Kf2 Rh8 43. Rxb5 Rh2+ 44. Kg3 Re2 45. Rxb7 Nh5+ 46. Kg4 Kh6 47. f4 Rg2+ 48. Kf3 Rg3+ 49. Kf2 gxf4 50. exf4 Rg4 51. Rxf7 Rxf4+ 52. Ke3 Rf1 53. Ne6 Ng3 54. Nf4 Kg5 55. Nh3+ Kg4 56. Nf2+ Rxf2 57. Rg7+ Kh4 58. Kxf2 Nxf5 59. Rd7 Nxd4 60. Rxd5 Ne6 61. Kf3 Ng5+ 62. Kf4 Nh3+ 63. Kf5 Kg3 64. Rd3+ Kg2 65. Kg4 Nf2+ 66. Kh4 Nxd3 1/2-1/2

[Event "Niederoesterreich Landesliga 1011"]
[Site "Austria"]
[Date "2010.11.07"]
[Round "5.1"]
[White "Zojer, Thomas"]
[Black "Rumpl, Erwin"]
[Result "1/2-1/2"]
[WhiteElo "2062"]
[BlackElo "2288"]
[PlyCount "93"]
[EventDate "2010.09.12"]
[EventType "team-tourn"]
[EventRounds "13"]
[EventCountry "AUT"]
[SourceTitle "EXT 2022"]
[Source "ChessBase"]
[SourceDate "2021.10.06"]
[SourceVersion "1"]
[SourceVersionDate "2021.10.06"]
[SourceQuality "1"]

1. d4 d5 2. Nf3 Nf6 3. e3 c6 4. Bd3 Bg4 5. 0-0 Nbd7 6. b3 e5 7. dxe5 Nxe5 8. Be2 Qc7 9. Bb2 Bd6 10. h3 Nxf3+ 11. Bxf3 Bxf3 12. Qxf3 Bh2+ 13. Kh1 Be5 14. c3 Ne4 15. Qe2 Rd8 16. Qc2 0-0 17. Nd2 Rfe8 18. Nxe4 dxe4 19. Rad1 f5 20. c4 Bxb2 21. Qxb2 Rd7 22. Rxd7 Qxd7 23. Qd4 Qxd4 24. exd4 Rd8 25. Rd1 Kf7 26. Kg1 b5 27. h4 Ke6 28. f3 exf3 29. gxf3 bxc4 30. bxc4 Rb8 31. Re1+ Kf6 32. d5 cxd5 33. cxd5 a5 34. Re6+ Kf7 35. Ra6 Rb5 36. d6 Rd5 37. Kf2 f4 38. Ke2 h5 39. Ra7+ Kf6 40. d7 g6 41. Rxa5 Rxd7 42. Ra4 Ke5 43. Ra5+ Kf6 44. Ra4 Kf5 45. Ra5+ Kf6 46. Ra4 Kf5 47. Ra5+ 1/2-1/2

[Event "Niederoesterreich Landesliga 1011"]
[Site "Austria"]
[Date "2010.10.24"]
[Round "4"]
[White "Zojer, Thomas"]
[Black "Wallner, Joachim"]
[Result "0-1"]
[WhiteElo "2062"]
[BlackElo "2260"]
[PlyCount "82"]
[EventDate "2010.09.12"]
[EventType "team-tourn"]
[EventRounds "13"]
[EventCountry "AUT"]
[SourceTitle "EXT 2022"]
[Source "ChessBase"]
[SourceDate "2021.10.06"]
[SourceVersion "1"]
[SourceVersionDate "2021.10.06"]
[SourceQuality "1"]

1. d4 d5 2. Nf3 Nf6 3. e3 c6 4. Bd3 Bg4 5. 0-0 Nbd7 6. Nbd2 e6 7. b3 Bd6 8. Bb2 0-0 9. c4 Bf5 10. Bxf5 exf5 11. Ne5 Qe7 12. Ndf3 Rad8 13. Qd3 g6 14. c5 Bc7 15. b4 Ne4 16. Rfc1 f6 17. Nxd7 Qxd7 18. a4 f4 19. Re1 fxe3 20. Rxe3 Qf5 21. Rae1 g5 22. R3e2 g4 23. Nh4 Qh5 24. g3 f5 25. b5 Rf6 26. f3 Nxg3 27. hxg3 Bxg3 28. fxg4 Qxh4 29. Rf1 Rh6 30. Qf3 f4 31. Bc3 Rg6 32. Rg2 Re8 33. Bd2 Re4 34. bxc6 bxc6 35. Qb3 Rh6 36. Qb8+ Kf7 37. Qc7+ Re7 38. Rxf4+ Bxf4 39. Qxf4+ Rf6 40. Qg3 Qxg3 41. Rxg3 Re2 0-1

[Event "Niederoesterreich Landesliga 0809"]
[Site "Austria"]
[Date "2009.02.22"]
[Round "9"]
[White "Zojer, Thomas"]
[Black "Woeber, Friedrich"]
[Result "0-1"]
[WhiteElo "2079"]
[BlackElo "2131"]
[PlyCount "56"]
[EventDate "2008.09.28"]
[EventType "team-tourn"]
[EventRounds "11"]
[EventCountry "AUT"]
[SourceTitle "EXT 2022"]
[Source "ChessBase"]
[SourceDate "2021.10.06"]
[SourceVersion "1"]
[SourceVersionDate "2021.10.06"]
[SourceQuality "1"]

1. d4 Nf6 2. Nf3 g6 3. c4 Bg7 4. Nc3 0-0 5. e4 d6 6. Be2 e5 7. d5 a5 8. 0-0 Na6 9. Ne1 Nc5 10. f3 Nh5 11. Nd3 Nxd3 12. Bxd3 f5 13. Be3 f4 14. Bf2 b6 15. a3 g5 16. Be2 Nf6 17. b4 axb4 18. axb4 Rxa1 19. Qxa1 g4 20. c5 bxc5 21. bxc5 g3 22. hxg3 Nh5 23. Qe1 Qg5 24. gxf4 exf4 25. Bh4 Bd4+ 26. Kh2 Qh6 27. Nb5 Bxc5 28. g4 fxg3+ 0-1

[Event "Niederoesterreich Landesliga 0809"]
[Site "Austria"]
[Date "2008.12.14"]
[Round "6"]
[White "Zojer, Thomas"]
[Black "Ebner, Johann"]
[Result "1/2-1/2"]
[WhiteElo "2079"]
[BlackElo "2055"]
[PlyCount "22"]
[EventDate "2008.09.28"]
[EventType "team-tourn"]
[EventRounds "11"]
[EventCountry "AUT"]
[SourceTitle "EXT 2022"]
[Source "ChessBase"]
[SourceDate "2021.10.06"]
[SourceVersion "1"]
[SourceVersionDate "2021.10.06"]
[SourceQuality "1"]

1. d4 Nf6 2. Nf3 g6 3. c4 Bg7 4. Nc3 0-0 5. e4 d6 6. Be2 e5 7. d5 Nbd7 8. 0-0 Ne8 9. Ne1 f5 10. f3 f4 11. Nd3 h5 1/2-1/2

[Event "Niederoesterreich Landesliga 0809"]
[Site "Austria"]
[Date "2008.11.16"]
[Round "4"]
[White "Zojer, Thomas"]
[Black "Tatzmann, Peter"]
[Result "1-0"]
[WhiteElo "2079"]
[BlackElo "2035"]
[PlyCount "53"]
[EventDate "2008.09.28"]
[EventType "team-tourn"]
[EventRounds "11"]
[EventCountry "AUT"]
[SourceTitle "EXT 2022"]
[Source "ChessBase"]
[SourceDate "2021.10.06"]
[SourceVersion "1"]
[SourceVersionDate "2021.10.06"]
[SourceQuality "1"]

1. d4 Nf6 2. Nf3 d5 3. e3 e6 4. Bd3 Nbd7 5. 0-0 c5 6. b3 Be7 7. Bb2 0-0 8. Nbd2 Qc7 9. Ne5 b6 10. f4 Bb7 11. Nxd7 Qxd7 12. dxc5 bxc5 13. Nf3 Qc7 14. Ng5 Ne4 15. Nxh7 Kxh7 16. Qg4 d4 17. f5 Qc6 18. Rf4 exf5 19. Qxf5+ Qg6 20. Bxe4 Qxf5 21. Bxf5+ g6 22. Be4 Bxe4 23. Rxe4 Rfe8 24. exd4 f5 25. Re6 Rad8 26. Rae1 Rd7 27. d5 1-0

[Event "Niederoesterreich Landesliga 0708"]
[Site "Austria"]
[Date "2008.04.27"]
[Round "13"]
[White "Zojer, Thomas"]
[Black "Mayer, Martin"]
[Result "1/2-1/2"]
[WhiteElo "2114"]
[BlackElo "2038"]
[PlyCount "43"]
[EventDate "2007.09.16"]
[EventType "team-tourn"]
[EventRounds "13"]
[EventCountry "AUT"]
[SourceTitle "EXT 2022"]
[Source "ChessBase"]
[SourceDate "2021.10.06"]
[SourceVersion "1"]
[SourceVersionDate "2021.10.06"]
[SourceQuality "1"]

1. d4 d5 2. c4 e6 3. Nc3 Nf6 4. Nf3 c6 5. e3 Nbd7 6. Bd2 Bd6 7. Qc2 0-0 8. Bd3 dxc4 9. Bxc4 e5 10. 0-0 exd4 11. exd4 Nb6 12. Bb3 Nbd5 13. Bg5 Bf4 14. Nxd5 Bxg5 15. Nxg5 cxd5 16. Rac1 h6 17. Nf3 Bd7 18. Ne5 Rc8 19. Qd3 Qe7 20. Rc2 Rxc2 21. Bxc2 Rc8 22. Nxd7 1/2-1/2

[Event "Niederoesterreich Landesliga 0708"]
[Site "Austria"]
[Date "2008.02.24"]
[Round "9"]
[White "Illner, Gerhard"]
[Black "Zojer, Thomas"]
[Result "1/2-1/2"]
[WhiteElo "2031"]
[BlackElo "2114"]
[PlyCount "91"]
[EventDate "2007.09.16"]
[EventType "team-tourn"]
[EventRounds "13"]
[EventCountry "AUT"]
[SourceTitle "EXT 2022"]
[Source "ChessBase"]
[SourceDate "2021.10.06"]
[SourceVersion "1"]
[SourceVersionDate "2021.10.06"]
[SourceQuality "1"]

1. d4 f5 2. e4 fxe4 3. Nc3 Nf6 4. Bg5 Nc6 5. d5 Ne5 6. Qd4 Nf7 7. Bxf6 exf6 8. Nxe4 f5 9. Ng3 g6 10. Nf3 Bh6 11. d6 cxd6 12. Bc4 0-0 13. 0-0 Bg7 14. Qxd6 Qf6 15. Qxf6 Bxf6 16. c3 Kg7 17. Rfe1 b5 18. Bxf7 Rxf7 19. Rad1 Rb8 20. Re8 Rf8 21. Re2 b4 22. cxb4 Rxb4 23. b3 a5 24. Rd5 a4 25. bxa4 Rxa4 26. h3 Rf7 27. Red2 Ba6 28. Ne5 Bxe5 29. Rxe5 d6 30. Rxd6 Rxa2 31. Re1 Rc7 32. h4 f4 33. Ne4 Re7 34. f3 Ra4 35. Red1 Bc8 36. R6d4 Rxd4 37. Rxd4 h6 38. Kf2 Rd7 39. Rb4 Rd5 40. Rc4 Be6 41. Rc7+ Bf7 42. g3 fxg3+ 43. Kxg3 Rd1 44. Kf4 Rd5 45. Kg3 Rd1 46. Kf4 1/2-1/2

[Event "Donau op 16th"]
[Site "Aschach"]
[Date "2007.12.27"]
[Round "2"]
[White "Bellia, Fabrizio"]
[Black "Zojer, Thomas"]
[Result "1/2-1/2"]
[WhiteElo "2392"]
[BlackElo "2157"]
[PlyCount "88"]
[EventDate "2007.12.26"]
[EventType "swiss"]
[EventRounds "7"]
[EventCountry "AUT"]
[SourceTitle "CBM 122 Extra"]
[Source "ChessBase"]
[SourceDate "2008.03.04"]
[SourceVersion "1"]
[SourceVersionDate "2008.03.04"]
[SourceQuality "1"]

1. e4 c5 2. Nf3 Nc6 3. d4 cxd4 4. Nxd4 Nf6 5. Nc3 e5 6. Ndb5 d6 7. Bg5 a6 8. Na3 Be6 9. Nc4 Rc8 10. Ne3 Be7 11. Bxf6 Bxf6 12. Bd3 Bg5 13. Ncd5 0-0 14. h4 Bxe3 15. Nxe3 Nb4 16. Be2 d5 17. a3 d4 18. axb4 dxe3 19. fxe3 Qb6 20. Qd2 Rfd8 21. Bd3 Rc4 22. c3 Rxe4 23. Bxe4 Rxd2 24. Kxd2 f5 25. Bc2 Qd6+ 26. Kc1 e4 27. b5 axb5 28. Ra8+ Kf7 29. g4 Qg3 30. gxf5 Qxe3+ 31. Kb1 Bxf5 32. Rf1 g6 33. Rb8 b6 34. Rb7+ Kf6 35. Rd7 Qe2 36. Rd6+ Ke5 37. Rfd1 Kf4 38. R1d4 Kg3 39. R6d5 e3 40. Bxf5 Qf1+ 41. Rd1 e2 42. Bc2 exd1Q+ 43. Rxd1 Qf6 44. Rd4 h6 1/2-1/2

[Event "Niederoesterreich Landesliga 0708"]
[Site "Austria"]
[Date "2007.12.16"]
[Round "7"]
[White "Gugler, Edgar"]
[Black "Zojer, Thomas"]
[Result "1/2-1/2"]
[WhiteElo "2144"]
[BlackElo "2114"]
[PlyCount "24"]
[EventDate "2007.09.16"]
[EventType "team-tourn"]
[EventRounds "13"]
[EventCountry "AUT"]
[SourceTitle "EXT 2022"]
[Source "ChessBase"]
[SourceDate "2021.10.06"]
[SourceVersion "1"]
[SourceVersionDate "2021.10.06"]
[SourceQuality "1"]

1. d4 f5 2. Nf3 Nf6 3. g3 g6 4. Bg2 Bg7 5. 0-0 0-0 6. b3 d6 7. Bb2 c6 8. Nbd2 Na6 9. c4 Bd7 10. Qc2 Rb8 11. a3 c5 12. e3 Qe8 1/2-1/2

[Event "Niederoesterreich Landesliga 0708"]
[Site "Austria"]
[Date "2007.09.30"]
[Round "2"]
[White "Ganaus, Hannes"]
[Black "Zojer, Thomas"]
[Result "1/2-1/2"]
[WhiteElo "2340"]
[BlackElo "2114"]
[PlyCount "90"]
[EventDate "2007.09.16"]
[EventType "team-tourn"]
[EventRounds "13"]
[EventCountry "AUT"]
[SourceTitle "EXT 2022"]
[Source "ChessBase"]
[SourceDate "2021.10.06"]
[SourceVersion "1"]
[SourceVersionDate "2021.10.06"]
[SourceQuality "1"]

1. d4 f5 2. Qd3 d6 3. g4 fxg4 4. h3 g6 5. hxg4 Nc6 6. Nf3 Bxg4 7. Ng5 Nf6 8. f3 Bd7 9. e4 e5 10. d5 Ne7 11. Bh3 Bxh3 12. Rxh3 Qd7 13. Ne6 c6 14. c4 Nh5 15. Nc3 Ng7 16. Ng5 h6 17. Rh2 Ng8 18. Be3 Nf6 19. 0-0-0 c5 20. Nh3 Ngh5 21. a3 Bg7 22. Rg1 g5 23. Nf2 0-0-0 24. b4 b6 25. Kd2 a6 26. Rb1 Kc7 27. Qc2 Rb8 28. Rhh1 Nf4 29. Na4 h5 30. bxc5 bxc5 31. Bxc5 dxc5 32. Nxc5 Qd6 33. Ncd3 Qxa3 34. Ra1 Qb3 35. Rxa6 Qxc2+ 36. Kxc2 Nd7 37. c5 Ra8 38. Rha1 Rxa6 39. Rxa6 Rb8 40. Ra7+ Rb7 41. Rxb7+ Kxb7 42. c6+ Kc7 43. cxd7 Kxd7 44. Kd2 Kd6 45. Kc1 Nxd5 1/2-1/2

[Event "Vienna op-A 15th"]
[Site "Vienna"]
[Date "2006.08.03"]
[Round "6"]
[White "Klein, Felix"]
[Black "Zojer, Thomas"]
[Result "1-0"]
[WhiteElo "2205"]
[BlackElo "2088"]
[PlyCount "79"]
[EventDate "2006.07.29"]
[EventType "swiss"]
[EventRounds "9"]
[EventCountry "AUT"]
[SourceTitle "CBM 113 Extra"]
[Source "ChessBase"]
[SourceDate "2006.09.14"]
[SourceVersion "1"]
[SourceVersionDate "2006.09.14"]
[SourceQuality "1"]

1. e4 c5 2. Nf3 Nc6 3. Nc3 Nf6 4. Bb5 d6 5. e5 Ng4 6. exd6 exd6 7. d4 Bd7 8. dxc5 dxc5 9. 0-0 Be7 10. Nd5 a6 11. Nxe7 Nxe7 12. Bxd7+ Qxd7 13. Qxd7+ Kxd7 14. h3 Nf6 15. Ne5+ Ke8 16. Be3 Rc8 17. Rad1 Nfd5 18. Nc4 Rc6 19. Rfe1 f6 20. Bc1 Kf7 21. Na5 Rc7 22. c4 Nb6 23. Bf4 Rhc8 24. Bxc7 Rxc7 25. Rd8 Nd7 26. Rd1 Ke6 27. Nb3 b6 28. Nd2 Nc6 29. Re8+ Kf7 30. Ree1 Nde5 31. b3 Nd4 32. Ne4 g5 33. Nxg5+ Kg6 34. Ne4 Re7 35. f4 Nec6 36. Nc3 Rg7 37. Nd5 Kf7 38. Kf2 b5 39. cxb5 axb5 40. Rc1 1-0

[Event "Vienna op-A 15th"]
[Site "Vienna"]
[Date "2006.07.31"]
[Round "3"]
[White "Stuhlik, Marko"]
[Black "Zojer, Thomas"]
[Result "1-0"]
[WhiteElo "2229"]
[BlackElo "2088"]
[PlyCount "125"]
[EventDate "2006.07.29"]
[EventType "swiss"]
[EventRounds "9"]
[EventCountry "AUT"]
[SourceTitle "CBM 113 Extra"]
[Source "ChessBase"]
[SourceDate "2006.09.14"]
[SourceVersion "1"]
[SourceVersionDate "2006.09.14"]
[SourceQuality "1"]

1. g3 d5 2. Bg2 Nf6 3. Nf3 g6 4. d3 Bg7 5. 0-0 0-0 6. c3 c6 7. Qa4 Re8 8. Qh4 Nbd7 9. Bh6 Nf8 10. Na3 Ng4 11. Bxg7 Kxg7 12. h3 Nf6 13. e4 Ne6 14. e5 Nd7 15. Rfe1 b6 16. Nc2 Bb7 17. Ng5 Nxg5 18. Qxg5 e6 19. h4 h6 20. Qg4 f6 21. d4 Re7 22. exf6+ Nxf6 23. Qf4 Qf8 24. Re3 Rae8 25. Rae1 Nh5 26. Qxf8+ Kxf8 27. Bh3 Kf7 28. Re5 Bc8 29. Ne3 Nf6 30. Nf1 Ne4 31. f3 Nd6 32. b3 Nb5 33. R5e3 c5 34. dxc5 bxc5 35. Nd2 Nd6 36. Kf2 e5 37. Bxc8 Nxc8 38. c4 d4 39. R3e2 Nd6 40. Ne4 Nxe4+ 41. Rxe4 g5 42. R1e2 Kf6 43. Ke1 Re6 44. Kd2 R8e7 45. Kd3 a5 46. hxg5+ hxg5 47. Rh2 Kg6 48. Rh8 Re8 49. Rh2 Rf8 50. Ke2 Rb8 51. f4 Kf5 52. Kd3 exf4 53. g4+ Kxg4 54. Rxe6 Kg3 55. Rh5 g4 56. Rg5 Kf3 57. Rf5 a4 58. Re4 axb3 59. Rfxf4+ Kg3 60. Rxg4+ Kh3 61. axb3 Rxb3+ 62. Kd2 Rc3 63. Rg8 1-0

[Event "Vienna op-A 15th"]
[Site "Vienna"]
[Date "2006.07.30"]
[Round "2"]
[White "Zojer, Thomas"]
[Black "Ganaus, Hannes"]
[Result "0-1"]
[WhiteElo "2088"]
[BlackElo "2318"]
[PlyCount "80"]
[EventDate "2006.07.29"]
[EventType "swiss"]
[EventRounds "9"]
[EventCountry "AUT"]
[SourceTitle "CBM 113 Extra"]
[Source "ChessBase"]
[SourceDate "2006.09.14"]
[SourceVersion "1"]
[SourceVersionDate "2006.09.14"]
[SourceQuality "1"]

1. d4 Nf6 2. Nf3 c5 3. c4 cxd4 4. Nxd4 e5 5. Nf3 Nc6 6. e3 e4 7. Nd4 Bb4+ 8. Bd2 0-0 9. Be2 Qa5 10. 0-0 Bxd2 11. Qxd2 Qg5 12. Nc3 Ne5 13. f4 exf3 14. Nxf3 Nxf3+ 15. Rxf3 d6 16. Qxd6 Bg4 17. Rg3 Rad8 18. Qa3 Qh4 19. Rf1 Bxe2 20. Nxe2 Qxc4 21. Nd4 Ne4 22. Rh3 a6 23. Nf5 Rfe8 24. b3 Qe2 25. Nd4 Qd2 26. Qa4 b5 27. Qxa6 Rxd4 28. Qxb5 Rd7 29. Rxf7 Rxf7 30. Qxe8+ Rf8 31. Qe6+ Kh8 32. Rxh7+ Kxh7 33. Qxe4+ g6 34. Qe7+ Kg8 35. Qe6+ Kg7 36. Qe7+ Rf7 37. Qe5+ Kh7 38. h3 Qxa2 39. Qe6 Qf2+ 40. Kh2 Qf5 0-1

[Event "Niederoesterreich Landesliga 0506"]
[Site "Austria"]
[Date "2006.01.22"]
[Round "9"]
[White "Zojer, Thomas"]
[Black "Ebner, Johann"]
[Result "1-0"]
[WhiteElo "2044"]
[BlackElo "2030"]
[PlyCount "95"]
[EventDate "2005.09.18"]
[EventType "team-tourn"]
[EventRounds "13"]
[EventCountry "AUT"]
[SourceTitle "EXT 2022"]
[Source "ChessBase"]
[SourceDate "2021.10.06"]
[SourceVersion "1"]
[SourceVersionDate "2021.10.06"]
[SourceQuality "1"]

1. d4 Nf6 2. Nf3 d6 3. c4 g6 4. Nc3 Bg7 5. e4 0-0 6. Be2 e5 7. 0-0 Na6 8. Be3 Ng4 9. Bg5 f6 10. Bc1 f5 11. d5 Nf6 12. Nd2 Bh6 13. Qc2 Nb4 14. Qb1 a5 15. a3 Na6 16. b4 b6 17. Re1 Bd7 18. c5 bxc5 19. Bxa6 Rxa6 20. bxc5 dxc5 21. Nc4 Bxc1 22. Qxc1 fxe4 23. Nxe5 Bf5 24. Nc6 Qe8 25. Qg5 Kg7 26. f3 Nxd5 27. Nxd5 Rxc6 28. fxe4 Bxe4 29. Qh4 Bxd5 30. Rxe8 Rxe8 31. Re1 Rxe1+ 32. Qxe1 c4 33. Qe7+ Bf7 34. Qe5+ Kg8 35. Qxa5 Rb6 36. Qc5 Rb3 37. a4 c3 38. Qxc7 Ra3 39. a5 Ra1+ 40. Kf2 Ra2+ 41. Ke3 c2 42. Kd2 Ra4 43. Qd8+ Kg7 44. Kxc2 Ra2+ 45. Kd3 Rxg2 46. Qd4+ Kf8 47. a6 Ra2 48. a7 1-0